| 000 | 00786nam a2200241 a 4500 | ||
|---|---|---|---|
| 008 | |||
| 020 | _a9780797465220 (pbk.) | ||
| 049 | _aMAIN | ||
| 090 |
_aKD2079 _bMUC |
||
| 100 | 1 | _aMucheche Caleb, H. | |
| 245 | 1 | 0 |
_aCompany law in Zimbabwe commentary and legal solutions for insolvent companies in South Africa / _c Mucheche, Caleb H. |
| 260 |
_aZimbabwe : _b African Legal Resources Dominion, _c2017 |
||
| 300 |
_a267 p. : _c24 cm. |
||
| 504 | _aIncludes bibliographical references. | ||
| 650 | _aIncorporation of companies. | ||
| 650 | _aUnregistered Associations. | ||
| 650 | 1 | _aCompanies Act. | |
| 907 |
_a.b10395982 _b23-01-19 _c19-12-18 |
||
| 003 | |||
| 005 | 20230123141134.0 | ||
| 040 | _cNUST | ||
| 942 |
_cBOOKS _kKD2079 _mMUC |
||
| 999 |
_c168342 _d168342 |
||